Альманах. 10: Год девятнадцатый (Запись № 12313458)
[ простой вид ]
| 000 -МАРКЕР | |
|---|---|
| контрольное поле | 01791nam2a2200265 4500 |
| 001 - ИДЕНТИФИКАТОР ЗАПИСИ | |
| контрольное поле | RU\NLR\BIBL_A\022260151 |
| 005 - ИДЕНТИФИКАТОР ВЕРСИИ | |
| контрольное поле | 20250625175444.0 |
| 035 ## - ДРУГИЕ СИСТЕМНЫЕ НОМЕРА | |
| Идентификатор записи | (NLR Aleph) 022260151 |
| 100 ## - ДАННЫЕ ОБЩЕЙ ОБРАБОТКИ | |
| Данные общей обработки | 20240624d1936 |||y0rusy50 ca |
| 101 0# - ЯЗЫК РЕСУРСА | |
| Язык текста, звукозаписи и т.д. | русский |
| 102 ## - СТРАНА ПУБЛИКАЦИИ ИЛИ ПРОИЗВОДСТВА | |
| Страна публикации | Российская Федерация |
| 105 ## - ПОЛЕ КОДИРОВАННЫХ ДАННЫХ: ТЕКСТОВЫЕ МАТЕРИАЛЫ, МОНОГРАФИЧЕСКИЕ | |
| Кодированные данные о монографическом текстовом документе | f z 000zy |
| 200 1# - ЗАГЛАВИЕ И СВЕДЕНИЯ ОБ ОТВЕТСТВЕННОСТИ | |
| Основное заглавие | Год девятнадцатый |
| 210 ## - ПУБЛИКАЦИЯ, РАСПРОСТРАНЕНИЕ И ДР. | |
| Место издания, распространения и т.д. | Москва |
| Имя издателя, распространителя и т. д. | Художественная литература |
| Дата издания, распространения и т.д. | 1936 |
| 215 ## - ФИЗИЧЕСКАЯ ХАРАКТЕРИСТИКА | |
| Специфическое обозначение материала и объем | 474, [2] c., [1] вкл. л. с портр. |
| 300 ## - ОБЩИЕ ПРИМЕЧАНИЯ | |
| Текст примечания | Частное загл. пер. и корешка: Год XIX |
| 327 1# - ПРИМЕЧАНИЯ О СОДЕРЖАНИИ | |
| Текст примечания | Содерж.: Речь тов. В. М. Молотова на митинге памяти Максима Горького. Памяти А. М. Горького / Г. Шторм. Максим Горький в моей жизни / А. Макаренко. Великий учитель / Г. Грекова. О Горьком / Д. Мирский. Моя Чукотка / Т. Семушкин. Золото / В. Селиховкин. Биробиджан / Д. Бергельсон. Путевые записки / В. Арсеньев. [Стихи] / Лахути. [Стихи] / М. Алигер. Две реки / В. Саянов. Книги о перековке / М. Лузгин. Выше революционную бдительность! |
| 461 #0 - УРОВЕНЬ НАБОРА | |
| Встроенное поле | 001rc\2671425 |
| -- | 2001#$aАльманах$fпод редакцией: М. Горького [и др.]$v10 |
| Системный номер (АБИС) связанной записи | 6233344 |
| Место публикации | Москва |
| Дата публикации | 1933-1939 |
| Первые сведения об ответственности | под редакцией: М. Горького [и др.] |
| Имя издателя, распространителя и т.д. | Советская литература |
| Заглавие | Альманах |
| Номер тома | 10 |
| 512 1# - ЗАГЛАВИЕ ОБЛОЖКИ | |
| Заглавие обложки | Год XIX |
| 852 ## - МЕСТОНАХОЖДЕНИЕ И ШИФР ХРАНЕНИЯ | |
| Идентификатор организации | NLR |
| Шифр хранения (Call Number) | 33-18/326(10) |
| 942 ## - ДОПОЛНИТЕЛЬНЫЕ ЭЛЕМЕНТЫ ЗАПИСИ (АБИС) | |
| Тип экземпляра АБИС | Книга |
| 980 ## - КОЛЛЕКЦИЯ | |
| Название коллекции | Национальная библиография |
| Тип экземпляра | Дата поступления | Библиотека постоянного хранения | Библиотека текущего хранения | Место хранения | Шифр хранения | Штрих-код | Статус экземпляра |
|---|---|---|---|---|---|---|---|
| Книга | 26.06.2024 | РНБ (Садовая) | РНБ (Садовая) | Русский книжный фонд -Главное здание, Ленинский читальный зал | 33-18/326(10) | 22260151-10 | |
| Книга | 26.06.2024 | РНБ (Садовая) | РНБ (Садовая) | Русский книжный фонд -Главное здание, Ленинский читальный зал | 33-18/326(10)а | 22260151-20 |